Zastosowanie komputerów w dydaktyce '93 : (Rekord nr 30460)
| 000 -ETYKIETA REKORDU | |
|---|---|
| podpole kontrolne o stałej długości | 00769nam a2200205 i 4500 |
| 001 - NUMER KONTROLNY REKORDU | |
| pole kontrolne | bg |
| 040 ## - ŹRÓDŁO KATALOGOWANIA | |
| Instytucja, która utworzyła rekord | BPK |
| 041 ## - KOD JĘZYKA | |
| Kod języka tekstu | pol |
| 080 ## - UNIWERSALNA KLASYFIKACJA DZIESIĘTNA - UKD | |
| UKD | 681.322:371.3 |
| 008 - POLE O STAŁEJ DŁUGOŚCI - DANE KONTROLNE | |
| podpole kontrolne o stałej długości | s pl f |000 0 pol |
| 245 #0 - TYTUŁ/ODPOWIEDZIALNOŚĆ | |
| Tytuł | Zastosowanie komputerów w dydaktyce '93 : |
| Ciąg dalszy tytułu | III cykl seminariów zorg. przez PTETiS Oddział w Gdańsku, styczeń-czerwiec 1993. Cz.1. |
| 260 ## - STREFA ADRESU WYDAWNICZEGO | |
| Miejsce wydania | Gdańsk : |
| Nazwa wydawcy/dystrybutora | Wydaw. Wydziału Elektrycznego PG, |
| Data publikacji, dystrybucji/powstania dokumentu | 1993. |
| 300 ## - STREFA OPISU FIZYCZNEGO | |
| Objętość | 114 s. : |
| Inne cechy fizyczne | rys. ; |
| Rozmiary | 21 cm. |
| 490 1# - STREFA SERII I DOKUMENTU WIELOCZĘŚCIOWEGO - FORMA NIE DO WYSZUKIWANIA | |
| Tytuł i oznaczenie odpowiedzialności serii | Zeszyty Naukowe Wydziału Elektrycznego Politechniki Gdańskiej ; |
| Numeracja w obrębie serii | 3 |
| 500 ## - UWAGI OGÓLNE | |
| Tekst uwagi | Tekst częśc. w jęz. ang. |
| 504 ## - UWAGA DOTYCZĄCA BIBLIOGRAFII | |
| Informacje o bibliografii | Bibliogr. przy ref. |
| 650 #9 - HASŁO PRZEDMIOTOWE W FORMIE NAZWY OGÓLNEJ LUB JEDNOSTKOWEJ | |
| Nazwa ogólna lub geograficzna | Komputery |
| Określnik ogólny | stosowanie |
| -- | nauczanie |
| 830 ## - HASŁO DODATKOWE SERII LUB DOKUMENTU WIELOCZĘŚCIOWEGO - TYTUŁ UJEDNOLICONY | |
| Tytuł ujednolicony | Zeszyty Naukowe Wydziału Elektrycznego Politechniki Gdańskiej ; |
| 942 ## - DODATKOWE ELEMENTY (KOHA) | |
| Typ dokumentu | Książka |
| Wycofany | Status egzemplarza | Uszkodzony | Dostępność | Lokalizacja stała | Lokalizacja bieżąca | Miejsce przechowywania | Sygnatura | Kod kreskowy | Typ dokumentu |
|---|---|---|---|---|---|---|---|---|---|
| Dostępny | Biblioteka Politechniki Koszalińskiej | Biblioteka Politechniki Koszalińskiej | Wypożyczalnia BG | 37182 | 01605150 | Książka |
